00629nam a22002057a 450000500170000001000130001702000230003003500130005303700160006604000120008208200130009410000240010724500790013126000420021027000510025230000210030350000500032465000320037465000170040620170124110218.0 aA-710569 c150.00a8185425604 aA-710569 bCen Lib/Ret aDPLbEN a921bROT aRothermund, Dietmar aMahatma Gandhi :cby Dietmar Rothermundban essay in political biography / aNew DelhibManohar Publicationsc1991 a2/6, Ansari Road, DaryaganjbNew Delhie110002 a139p. c21cm(Hb) aIncludes bibliographical references and index aGandhi, Mohandas Karamchand aNationalists